=LDR 00000nam 2200000 4500 =001 NUTBA000000000005428 =005 20251210020827 =035 ##$$a 0010-101400000000658 =008 251210###########################0#ind## =040 ##$$a NBPDMAT =090 ##$$a 813.087 $b Nur p =100 ##$$a Nurhayati =245 1#$$a Perjuangan sultan Baabullah dari Ternate /$c Nurhayati =250 ##$$a Cet. 2 =260 ##$$a Jakarta :$b Rama edukasi Tama,$c 2010 =300 ##$$a 46 hlm. : $b ilus. ; $c 25 cm. =650 #4$$a Cerita Kepahlawanan =850 ##$$a NBPDMAT =082 ##$$a 813.087 =084 ##$$a 813.087 NUR p =990 ##$$a 21412337 =990 ##$$a 21412338 =990 ##$$a 21412339 =990 ##$$a 21412340 =990 ##$$a 21412341 =990 ##$$a 21412341 =990 ##$$a 21412337 =990 ##$$a 21412338 =990 ##$$a 21412339 =990 ##$$a 21412340